Sinopsis de Parapartamona (<Hymenoptera: Apidae: Meliponini>), un género estrictamente andino (Registro nro. 14145)

Detalles MARC
000 -CABECERA
Campo de control 004640000a22001210004500
090 ## - CLASIFICACIÓN LOCAL
Colección AS
Consecutivo Seriadas
041 0# - IDIOMA
Código de idioma para texto/pista de sonido o título separado
100 1# - ASIENTO PRINCIPAL--NOMBRE PERSONAL
Nombre personal González B., Víctor Hugo
245 10 - MENCION DE TITULO
Título Sinopsis de Parapartamona (<Hymenoptera: Apidae: Meliponini>), un género estrictamente andino
700 1# - ASIENTO SECUNDARIO - NOMBRE PERSONAL
Nombre personal Nates Parra, Guiomar
773 1# - Item fuente:
Título Revista de la Academia Colombiana de Ciencias Exactas, Fisicas y Naturales
Especificación de materiales 32
Descripción física Supl. Esp.
Paginas del Articulo 171-179
Lugar, editorial y fecha de publicación 1999
Información sobre la relación 23
942 ## - ELEMENTOS ADICIONALES (KOHA)
Tipo de ítem Artículo

No hay ítems disponibles.